000
00277nam a22001337a 4500
008
180224b xxu||||| |||| 00| 0 eng d
020
_a
9780872206335
041
_a
eng
080
_a
821
100
_a
21
101
_a
GJL
245
_a
PLATO
_c
Grube, G.M.A
942
_2
udc
_c
BK
999
_c
43363
_d
43363